00584nam a2200181 i 4500001000700000003000900007005001700016008004100033080002300074100002100097245004400118260004300162300003100205505006600236600002100302700002700323852005200350179375ES-MaACL20240513100914.0111111s1999 sp af |||| | spa d a75 Saborit, José1 aSaborit, José.10aDiario de sombras / c[José Saborit]. aValencia : bEstudio Russafa, c[1999] a[14] p. : bil. ; c16 cm.8 aContiene: ; tEn la sobremesa de la pintura / rDavid Pérez14aSaborit, José.1 aPérez, David,d1958- aES-MaACLj2307-F-5 z. - Donativo M. A. Velasco